La ética colonial española del siglo de oro: cristianismo y dignidad humana

Guardado en:
Detalles Bibliográficos
Autor principal: Höffner, Joseph (Autor)
Formato: Libro
Lenguaje:español
Publicado: Madrid, España Cultura Hispánica 1957
Materias:
Etiquetas: Agregar Etiqueta
Sin Etiquetas, Sea el primero en etiquetar este registro!

MARC

LEADER 00000nam a2200000 a 4500
001 UCR0512
003 CL-VaPUC
005 20220106074424.0
008 971205e19570000SP |||||||||||||||||spa|d
999 |c 264015  |d 264013 
040 |c Pontificia Universidad Católica de Valparaíso 
082 0 4 |a 980.013 HOF 1957  |2 21 
100 |a Höffner, Joseph  |e author  |9 474113 
245 1 3 |a La ética colonial española del siglo de oro:  |b  cristianismo y dignidad humana 
260 |a Madrid, España  |b Cultura Hispánica  |c 1957 
300 |a 573 páginas 
583 |a last modification  |c 19971205 00:00:00  |k Rodrigo Vera 
650 0 |a Historia americana   |9 353864 
650 0 |a Epoca colonial   |x COMPORTAMIENTO MORAL  |9 352022 
650 7 |a EVANGELIZACION  |2 CL-VaPUC  |9 396257  |z AMERICA  |x ETICA 
650 0 |a Misioneros  |z AMERICA  |9 324171 
650 0 |a Derecho Indiano  |z ESPAÑA  |z AMERICA  |9 256266 
852 |a BIBCUR 
942 |c BK  |2 ddc 
945 |d 19971205 00:00:00  |a cmena 
952 |0 0  |1 0  |2 ddc  |4 0  |6 980_013000000000000_HOF_1957  |7 0  |8 DER_HDC  |9 293575  |a BIBDER  |b BIBDER  |d 2019-11-19  |i 1908235  |o 980.013 HOF 1957  |p 1908235  |r 2023-01-25  |t 1  |w 2019-11-19  |x Ubicación 4to Piso  |y BK  |z Estos recursos deben solicitarse con anticipación  |k DER 
952 |0 0  |1 0  |2 ddc  |4 0  |6 980_013000000000000_HOF_1957  |7 0  |8 A  |9 293576  |a BIBHIS  |b BIBHIS  |d 2019-11-19  |i 1382152  |l 1  |o 980.013 HOF 1957  |p 1382152  |r 2025-01-20  |s 2022-06-01  |t 2  |w 2019-11-19  |y BK  |k HIS